Electrical measurements and measuring instruments

Αποθηκεύτηκε σε:
Λεπτομέρειες βιβλιογραφικής εγγραφής
Κύριοι συγγραφείς: Golding, E. W (Συγγραφέας), Widdis, F. C (Συγγραφέας)
Μορφή: Βιβλίο
Γλώσσα:Αγγλικά
Έκδοση: Londres Sir Isaac Pitman 1963
Έκδοση:5a. ed
Θέματα:
Ετικέτες: Προσθήκη ετικέτας
Δεν υπάρχουν, Καταχωρήστε ετικέτα πρώτοι!

MARC

LEADER 00000nam a2200000 a 4500
001 UCU5188
003 CL-VaPUC
008 960531e19630000UK |||||||||||||||||eng|d
082 0 4 |a 621.302  |b GOL  |2 21 
100 |a Golding, E. W  |e author  |9 422245 
700 0 |a Widdis, F. C  |e author  |9 363066 
245 1 0 |a Electrical measurements and measuring instruments 
250 |a 5a. ed 
300 |a 952 p 
942 |c BK 
945 |d 19960531 00:00:00  |a lriquelm 
260 |a Londres  |b Sir Isaac Pitman  |c 1963 
650 0 |a Electricidad  |9 260222 
650 7 |a ELECTROSTATICA  |2 CL-VaPUC  |9 363067 
650 0 |a Electromagnetismo   |9 260123 
650 0 |a Circuitos eléctricos   |9 260262 
650 7 |a RESISTENCIAS ELECTRICAS  |2 CL-VaPUC  |9 263527 
650 0 |a Iluminación  |9 340311 
650 0 |a Voltaje   |9 362861 
583 |a last modification  |c 19960531 00:00:00  |k Rodrigo Vera 
999 |c 248635  |d 248633